000
00284nam a2200097Ia 4500
001
1040563
005
20250826232025.0
008
250824s9999 xx 000 0 und d
245
0
_a
BÖRÜ YEDNİDEN DİRİLİŞİN VE İNTİKAMIN KİTABI
_c
ÇAĞLAYAN YILMAZ
260
_b
PANAMA YAYINLARI
999
_c
1040563
_d
1040563